combien de fois pourriez vous écrire l'alphabet en 15 sec ? - Statistiques

Statistiques générales
  • Ce quiz a été pris 395 fois
  • Le résultat moyen est 30 sur 130
Statistiques - réponses
lettre % Correct
A
100%
B
95%
C
93%
D
92%
E
91%
F
91%
G
91%
H
91%
I
91%
J
90%
K
90%
L
89%
M
89%
N
86%
O
86%
P
86%
Q
84%
R
83%
S
82%
T
81%
U
80%
V
80%
W
77%
X
70%
Y
69%
Z
68%
A
57%
B
54%
C
53%
D
49%
E
47%
F
45%
G
41%
H
39%
I
34%
J
32%
K
30%
L
27%
M
26%
N
23%
O
22%
P
20%
Q
16%
R
16%
S
15%
T
14%
U
13%
V
12%
W
12%
X
9%
Y
9%
Z
8%
A
6%
B
6%
C
6%
D
6%
E
6%
F
5%
G
5%
H
5%
I
5%
J
4%
K
3%
L
3%
M
3%
N
3%
O
2%
P
2%
Q
2%
A
1%
B
1%
C
1%
R
1%
S
1%
T
1%
U
1%
V
1%
W
1%
X
1%
Y
1%
Z
1%
A
0%
B
0%
C
0%
D
0%
D
0%
E
0%
E
0%
F
0%
F
0%
G
0%
G
0%
H
0%
H
0%
I
0%
I
0%
J
0%
J
0%
K
0%
K
0%
L
0%
L
0%
M
0%
M
0%
N
0%
N
0%
O
0%
O
0%
P
0%
P
0%
Q
0%
Q
0%
R
0%
R
0%
S
0%
S
0%
T
0%
T
0%
U
0%
U
0%
V
0%
V
0%
W
0%
W
0%
X
0%
X
0%
Y
0%
Y
0%
Z
0%
Z
0%
Aucun quiz correspondant
Distribution des résultats
% des personnes avec chaque résultat
Percentile par nombre de réponses
Votre historique - résultats
Vous n’avez pas pris ce quiz